Sociálny štát: občianstvo, práva, začlenenie
Gespeichert in:
| 1. Verfasser: | |
|---|---|
| Körperschaft: | |
| Format: | Buch |
| Sprache: | Slowakisch |
| Veröffentlicht: |
Sládkovičovo
Vysoká škola Visegrádu v Sládkovičove
2009
|
| Schriftenreihe: | Učebné texty VŠS
|
| Schlagworte: | |
| Tags: |
Keine Tags, Fügen Sie das erste Tag hinzu!
|
MARC
| LEADER | 00000nam a2200000 4500 | ||
|---|---|---|---|
| 001 | 0237826 | ||
| 005 | 20240226122917.7 | ||
| 020 | |a 978-80-89267-33-0 | ||
| 041 | 0 | |a slo | |
| 044 | |a SK | ||
| 245 | 1 | 0 | |a Sociálny štát: občianstvo, práva, začlenenie |c Monika Čambáliková |
| 264 | 1 | |a Sládkovičovo |b Vysoká škola Visegrádu v Sládkovičove |c 2009 | |
| 300 | |a 138 s. | ||
| 490 | 1 | |a Učebné texty VŠS | |
| 830 | 0 | |a Učebné texty VŠS | |
| 610 | 2 | 0 | |a štát sociálny |
| 610 | 2 | 0 | |a vývoj |
| 610 | 2 | 0 | |a právo občianske |
| 610 | 2 | 0 | |a zabezpečenie sociálne |
| 610 | 2 | 0 | |a politika sociálna |
| 610 | 2 | 0 | |a začlenenie sociálne |
| 610 | 2 | 0 | |a globalizácia |
| 610 | 2 | 0 | |a občania |
| 100 | 1 | |a Čambáliková, Monika | |
| 710 | 2 | |a Vysoká škola Visegrádu v Sládkovičove | |